Poesias ineditas [melendez valdes] /

Guardado en:
Autor Principal: Melendez Valdes, Juan
Formato: Libro
Publicado: Madrid : Real Academia EspaÑola, 1954
Materias:
Etiquetas: Agregar Etiqueta
Sin Etiquetas, Sea el primero en etiquetar este registro!
LEADER 00560nam a22001695a 4500
001 EHU.bham007817
003 AR-BHAM
005 20091204150614.0
008 130507s1954##################000#0#####d
082 8 6 |a 861.4 
100 1 |a Melendez Valdes, Juan 
245 1 0 |a Poesias ineditas [melendez valdes] /  |c Juan Melendez Valdes. 
260 |a Madrid :  |b Real Academia EspaÑola,  |c 1954 
300 |a 255 p. 
500 |a Introd.bibliografica De Antonio Rodriguez-moÑino 
653 |a Poesia espaÑola-1701-1800 
859 |a AR-BHAM  |b BIB. HUMANIDADES - General  |h 861.4  |i M483  |p 1383.62  |t Ej.1